<?xml version="1.0" encoding="UTF-8"?>
<collection xmlns="http://www.loc.gov/MARC21/slim">
 <record>
  <leader>02132nam a22002657a 4500</leader>
  <controlfield tag="001">NCT_68019</controlfield>
  <controlfield tag="008">190508b        xxu||||| |||| 00| 0 vie d</controlfield>
  <datafield tag="999" ind1=" " ind2=" ">
   <subfield code="c">3289</subfield>
   <subfield code="d">3289</subfield>
  </datafield>
  <datafield tag="020" ind1=" " ind2=" ">
   <subfield code="a">9786045889244</subfield>
   <subfield code="c">124000</subfield>
  </datafield>
  <datafield tag="082" ind1="0" ind2="4">
   <subfield code="2">23rd ed.</subfield>
   <subfield code="a">650.1</subfield>
   <subfield code="b">H645</subfield>
  </datafield>
  <datafield tag="100" ind1="1" ind2=" ">
   <subfield code="a">Hill, Napoleon</subfield>
  </datafield>
  <datafield tag="245" ind1="1" ind2="0">
   <subfield code="a">Nghĩ giàu &amp; làm giàu = </subfield>
   <subfield code="b">Think and grow rich : The 21st Century Edition</subfield>
   <subfield code="c">Napoleon Hill ; Việt Khương (dịch)</subfield>
  </datafield>
  <datafield tag="250" ind1=" " ind2=" ">
   <subfield code="a">Tái bản lần thứ 2</subfield>
  </datafield>
  <datafield tag="260" ind1=" " ind2=" ">
   <subfield code="a">Tp. Hồ Chí Minh</subfield>
   <subfield code="b">Tổng hợp Tp. Hồ Chí Minh</subfield>
   <subfield code="c">2019</subfield>
  </datafield>
  <datafield tag="300" ind1=" " ind2=" ">
   <subfield code="a">271 tr.</subfield>
   <subfield code="c">24cm</subfield>
  </datafield>
  <datafield tag="520" ind1="3" ind2=" ">
   <subfield code="a">Đây là cuốn sách đầu tiên đưa ra triết lý thành đạt - một triết lý đầy đủ và toàn diện về thành công của cá nhân, đồng thời cung cấp cho chúng ta phương pháp để tạo một ý thức thành công cũng như đưa ra kế hoạch sơ bộ và chi tiết để đạt được thành công đó. Các bí quyết thành công được đề cập đến trong cuốn sách này có thể đúc kết ngắn gọn: tất cả bắt nguồn từ cách nghĩ.</subfield>
  </datafield>
  <datafield tag="653" ind1=" " ind2=" ">
   <subfield code="a">Sách tham khảo</subfield>
  </datafield>
  <datafield tag="700" ind1="0" ind2=" ">
   <subfield code="a">Việt Khương</subfield>
   <subfield code="e">Dịch</subfield>
  </datafield>
  <datafield tag="942" ind1=" " ind2=" ">
   <subfield code="2">ddc</subfield>
   <subfield code="c">BK</subfield>
  </datafield>
  <datafield tag="952" ind1=" " ind2=" ">
   <subfield code="0">0</subfield>
   <subfield code="1">0</subfield>
   <subfield code="2">ddc</subfield>
   <subfield code="4">0</subfield>
   <subfield code="6">650_100000000000000_H645</subfield>
   <subfield code="7">0</subfield>
   <subfield code="9">17607</subfield>
   <subfield code="a">000001</subfield>
   <subfield code="b">000001</subfield>
   <subfield code="d">2019-09-06</subfield>
   <subfield code="o">650.1 H645</subfield>
   <subfield code="p">TK.01600</subfield>
   <subfield code="r">2019-09-06</subfield>
   <subfield code="v">124000.00</subfield>
   <subfield code="w">2019-09-06</subfield>
   <subfield code="y">BK</subfield>
  </datafield>
  <datafield tag="952" ind1=" " ind2=" ">
   <subfield code="0">0</subfield>
   <subfield code="1">0</subfield>
   <subfield code="2">ddc</subfield>
   <subfield code="4">0</subfield>
   <subfield code="6">650_100000000000000_H645</subfield>
   <subfield code="7">0</subfield>
   <subfield code="9">17608</subfield>
   <subfield code="a">000001</subfield>
   <subfield code="b">000001</subfield>
   <subfield code="d">2019-09-06</subfield>
   <subfield code="o">650.1 H645</subfield>
   <subfield code="p">TK.01601</subfield>
   <subfield code="r">2019-09-06</subfield>
   <subfield code="v">124000.00</subfield>
   <subfield code="w">2019-09-06</subfield>
   <subfield code="y">BK</subfield>
  </datafield>
  <datafield tag="952" ind1=" " ind2=" ">
   <subfield code="0">0</subfield>
   <subfield code="1">0</subfield>
   <subfield code="2">ddc</subfield>
   <subfield code="4">0</subfield>
   <subfield code="6">650_100000000000000_H645</subfield>
   <subfield code="7">0</subfield>
   <subfield code="9">17609</subfield>
   <subfield code="a">000001</subfield>
   <subfield code="b">000001</subfield>
   <subfield code="d">2019-09-06</subfield>
   <subfield code="o">650.1 H645</subfield>
   <subfield code="p">TK.01602</subfield>
   <subfield code="r">2019-09-06</subfield>
   <subfield code="v">124000.00</subfield>
   <subfield code="w">2019-09-06</subfield>
   <subfield code="y">BK</subfield>
  </datafield>
  <datafield tag="952" ind1=" " ind2=" ">
   <subfield code="0">0</subfield>
   <subfield code="1">0</subfield>
   <subfield code="2">ddc</subfield>
   <subfield code="4">0</subfield>
   <subfield code="6">650_100000000000000_H645</subfield>
   <subfield code="7">0</subfield>
   <subfield code="9">17610</subfield>
   <subfield code="a">000001</subfield>
   <subfield code="b">000001</subfield>
   <subfield code="d">2019-09-06</subfield>
   <subfield code="l">1</subfield>
   <subfield code="o">650.1 H645</subfield>
   <subfield code="p">TK.01603</subfield>
   <subfield code="r">2020-09-24</subfield>
   <subfield code="s">2020-08-21</subfield>
   <subfield code="v">124000.00</subfield>
   <subfield code="w">2019-09-06</subfield>
   <subfield code="y">BK</subfield>
  </datafield>
  <datafield tag="952" ind1=" " ind2=" ">
   <subfield code="0">0</subfield>
   <subfield code="1">0</subfield>
   <subfield code="2">ddc</subfield>
   <subfield code="4">0</subfield>
   <subfield code="6">650_100000000000000_H645</subfield>
   <subfield code="7">0</subfield>
   <subfield code="9">17611</subfield>
   <subfield code="a">000001</subfield>
   <subfield code="b">000001</subfield>
   <subfield code="d">2019-09-06</subfield>
   <subfield code="o">650.1 H645</subfield>
   <subfield code="p">TK.01604</subfield>
   <subfield code="r">2019-09-06</subfield>
   <subfield code="v">124000.00</subfield>
   <subfield code="w">2019-09-06</subfield>
   <subfield code="y">BK</subfield>
  </datafield>
  <datafield tag="980" ind1=" " ind2=" ">
   <subfield code="a">Thư viện Trường Đại học Nam Cần Thơ</subfield>
  </datafield>
 </record>
</collection>
